Los Angeles Clippers All-Time Scoring Leaders - Statistics

General Stats
  • This quiz has been taken 32 times
  • The average score is 9 of 20
Answer Stats
Points Player % Correct
10863 Blake Griffin
100%
7674 Chris Paul
96%
4994 Charles Smith
79%
12735 Randy Smith
79%
9434 Bob McAdoo
68%
9336 Elton Brand
64%
4467 Freeman Williams
64%
4399 Lou Williams
64%
7120 Danny Manning
50%
5675 Jamal Crawford
50%
5813 Chris Kaman
46%
5853 Ron Harper
39%
8835 Corey Magette
25%
5405 Benoit Benjamin
21%
6432 Ken Norman
18%
6614 Loy Vaught
18%
4847 Bob Kauffman
7%
5269 Eric Piatkowski
7%
4694 Swen Nater
7%
7078 DeAndre Jodan
4%
No matching quizzes found
Score Distribution
Percent of People with Each Score
Percentile by Number Answered
Your Score History
You have not taken this quiz